000 00372 a2200169 4500
001 55626
020 _a
040 _cAnchieta - Pituba
100 _aHenrique, Renato e Álvaro
240 1 0 _a1ª Quimica, III unidade
_lpor
245 1 0 _a1ª Quimica, III unidade
300 _a4
362 0 _a2016
440 1 _aColégio Anchieta
650 4 _aQuímica
942 _cBK
999 _c55626
_d55626